| 000 | 00849nam a22002417a 4500 | ||
|---|---|---|---|
| 005 | 20130520163714.0 | ||
| 010 | _aENG-106334 | ||
| 020 |
_a9781259029318 _c1495.00 |
||
| 020 |
_a125902931x _c1495.00 |
||
| 035 | _aEN-106344 | ||
| 037 | _bDBAD/PUB | ||
| 082 | _a000 | ||
| 100 | _aAnestis, Mark | ||
| 245 |
_aMcGraw Hill's SAT 2013 : _b6 practice tests / _cby Mark Anestis |
||
| 260 |
_aNew Delhi _bTata MaGraw Hill _c2012 |
||
| 270 |
_a7, West Patel Nagar _bNew Delhi _e110008 |
||
| 300 |
_aviii,767p. _c28cm(pbk) |
||
| 650 |
_aSAT (Educational test) _vStudy guides. |
||
| 650 |
_aCollege entrance achievement tests _vStudy guides. |
||
| 710 |
_aCollege Hill Coaching (Organization) _936196 |
||
| 942 |
_2ddc _cEN _mMCG _h000 |
||
| 999 |
_c71817 _d71817 |
||